Literature - 1850s - Statistics

General Stats
  • This quiz has been taken 393 times
  • The average score is 8 of 37
Answer Stats
Title Year Author % Correct
Moby-Dick 1851 Herman Melville
82%
Bleak House 1853 Charles Dickens
81%
The Scarlet Letter 1850 Nathaniel Hawthorne
75%
Uncle Tom's Cabin 1852 Harriet Beecher Stowe
73%
Madame Bovary 1857 Gustave Flaubert
62%
Leaves of Grass 1855 Walt Whitman
60%
Walden, or Life in the Woods 1854 Henry David Thoreau
56%
Villette 1853 Charlotte Brontë
38%
Adam Bede 1859 George Eliot
32%
The Song of Hiawatha 1855 Henry Wadsworth Longfellow
30%
The Woman in White 1859 Wilkie Collins
29%
Sonnets from the Portuguese 1850 Elizabeth Barrett Browning
23%
Barchester Towers 1855 Anthony Trollope
22%
The Flowers of Evil (Les Fleurs du Mal) 1857 Charles Baudelaire
21%
North and South 1855 Elizabeth Gaskell
20%
The Prelude 1850 William Wordsworth
18%
A Sportsman's Sketeches 1852 Ivan Turgenev
9%
Westward Ho! 1855 Charles Kingsley
6%
Lucrezia Floriani 1856 George Sand
6%
Oblomov 1859 Ivan Goncharov
5%
Green Henry (Der Grüne Heinrich) 1855 Gottfried Keller
4%
Mozart on the Way to Prague (Mozart auf der Reise nach Prag) 1856 Eduard Mörike
3%
A Summer in London (Ein Sommer in London) 1854 Theodor Fontane
3%
Indian Summer (Der Nachsommer) 1857 Adalbert Stifter
2%
The Blind Woman of Sorrento (La cieca di Sorrento) 1852 Francesco Mastriani
2%
Hertha 1856 Fredrika Bremer
2%
Debit and Credit (Soll und Haben) 1855 Gustav Freytag
2%
Memoirs of a Police Sergeant 1852 Manuel Antônio de Almeida
2%
Clara Raphael 1851 Mathilde Fibiger
2%
Hypocrite Eagle (Ayit Tzavua) 1858 Abraham Mapu
1%
Is She to Blame? (Boyarschina) 1858 Aleksey Pisemsky
1%
Memoir of Joseph Curtis 1858 Catharine Maria Sedgwick
1%
Five Minutes (Cinco minutos) 1856 José de Alencar
1%
The Angel of the Home (El ángel del hogar) 1857 María del Pilar Sinués de Marco
1%
Dastanbo 1857 Mirza Ghalib
1%
Mrs. Narcisa de Villar (D. Narcisa de Villar) 1859 Ana Luísa de Azevedo Castro
0%
Robert Emuret 1858 Louise de Broglie
0%
No matching quizzes found
Score Distribution
Percent of People with Each Score
Percentile by Number Answered
Your Score History
You have not taken this quiz